000
00265nam a22001097a 4500
999
_c
64897
_d
64894
082
_a
290.4992 ن ق ش
100
_a
محمد طفیل
245
_a
نقوش رسول صہ
260
_a
لاہور
_b
ادارۂفروخت اردو
_c
1987
300
_a
724
942
_c
BK